[Event "PHI-ch U18"]
[Site "San Antonio"]
[Date "2014.04.24"]
[Round "7"]
[White "Pason, Allan"]
[Black "Llamas, Robin Josef"]
[Result "0-1"]
[WhiteElo "2051"]
[BlackElo "1870"]
[PlyCount "116"]
[EventDate "2014.04.21"]
[EventType "swiss"]
[EventRounds "13"]
[EventCountry "PHI"]
[SourceTitle "CBM 160 Extra"]
[Source "ChessBase"]
[SourceDate "2014.07.01"]
[SourceVersion "1"]
[SourceVersionDate "2014.07.01"]
[SourceQuality "1"]

1. e4 d5 2. exd5 Qxd5 3. d4 Nc6 4. Be3 e5 5. Nc3 Bb4 6. a3 Bxc3+ 7. bxc3 Nf6 8. c4 Qd6 9. c3 0-0 10. Be2 Rd8 11. Nf3 Bg4 12. d5 Na5 13. Qa4 b6 14. h3 Bxf3 15. Bxf3 e4 16. Be2 Nd7 17. 0-0 Ne5 18. Rad1 Qg6 19. Kh1 f5 20. c5 Qf6 21. g3 Ng6 22. Qc2 f4 23. gxf4 Nxf4 24. Bg4 Nxd5 25. Bd4 Qe7 26. Rde1 Nf6 27. f3 Rxd4 28. cxd4 e3 29. Qa2+ Kh8 30. Qe6 Re8 31. Qxe7 Rxe7 32. Bf5 g6 33. Bc2 Nc4 34. Bd1 Nh5 35. Rg1 Nf4 36. Be2 Nd2 37. Rg4 Nxh3 38. Kg2 Nf2 39. Rf4 Kg7 40. a4 g5 41. Rf5 h5 42. Rxg5+ Kf6 43. Rxh5 Rg7+ 44. Kh2 Nd3 45. Rg1 Nf4 46. Rxg7 Kxg7 47. Rg5+ Kf6 48. Rg2 Nxg2 49. Kxg2 Nb3 50. cxb6 axb6 51. d5 Ke5 52. Bc4 Nc5 53. Kg3 Kd4 54. Be2 Nxa4 55. f4 Nc3 56. Kf3 Nxd5 57. Kg4 Nxf4 58. Kxf4 c5 0-1

[Event "PHI-ch U18"]
[Site "San Antonio"]
[Date "2014.04.23"]
[Round "5"]
[White "Medina, Vince Angelo"]
[Black "Llamas, Robin Josef"]
[Result "1-0"]
[WhiteElo "2143"]
[BlackElo "1870"]
[PlyCount "93"]
[EventDate "2014.04.21"]
[EventType "swiss"]
[EventRounds "13"]
[EventCountry "PHI"]
[SourceTitle "CBM 160 Extra"]
[Source "ChessBase"]
[SourceDate "2014.07.01"]
[SourceVersion "1"]
[SourceVersionDate "2014.07.01"]
[SourceQuality "1"]

1. d4 Nf6 2. Bg5 Ne4 3. Bc1 d5 4. f3 Nf6 5. Nc3 Bf5 6. Bg5 Nbd7 7. Qd2 h6 8. Bh4 c6 9. 0-0-0 g5 10. Bf2 e6 11. g4 Bg6 12. h4 gxh4 13. Bxh4 Qc7 14. e3 0-0-0 15. Bd3 Bxd3 16. Qxd3 Be7 17. Nge2 b5 18. e4 b4 19. Na4 Qa5 20. b3 c5 21. dxc5 Nxc5 22. Nxc5 Qxc5 23. e5 Ng8 24. Qa6+ Kb8 25. Nd4 Rc8 26. Bf2 Bg5+ 27. Kb1 Ne7 28. Qd6+ Kb7 29. Qxc5 Rxc5 30. Nxe6 fxe6 31. Bxc5 Nc6 32. Bd6 Rh7 33. Rhf1 Rf7 34. f4 Rxf4 35. Rxf4 Bxf4 36. Rf1 Bxe5 37. Bxe5 Nxe5 38. Re1 Nxg4 39. Rxe6 h5 40. Re7+ Kb6 41. Rh7 a5 42. Rxh5 Kc5 43. Kc1 Nf6 44. Rf5 Ne4 45. Kb2 Nc3 46. a4 bxa3+ 47. Kxc3 1-0

[Event "PHI-ch U18"]
[Site "San Antonio"]
[Date "2014.04.21"]
[Round "1"]
[White "Cantonjos, Aljie"]
[Black "Llamas, Robin Josef"]
[Result "1/2-1/2"]
[WhiteElo "1959"]
[BlackElo "1870"]
[PlyCount "88"]
[EventDate "2014.04.21"]
[EventType "swiss"]
[EventRounds "13"]
[EventCountry "PHI"]
[SourceTitle "CBM 160 Extra"]
[Source "ChessBase"]
[SourceDate "2014.07.01"]
[SourceVersion "1"]
[SourceVersionDate "2014.07.01"]
[SourceQuality "1"]

1. d4 d5 2. Bf4 c5 3. c3 cxd4 4. cxd4 Nf6 5. Nc3 a6 6. Nf3 b5 7. a3 Bb7 8. e3 e6 9. Bd3 Bd6 10. Bg5 Nbd7 11. Rc1 h6 12. Bh4 0-0 13. 0-0 Qb6 14. Qb3 Rac8 15. Ne2 Ne4 16. Qa2 a5 17. Bg3 b4 18. Qb3 bxa3 19. Qxb6 Nxb6 20. Bxd6 Nxd6 21. bxa3 Nbc4 22. Ra1 Nb2 23. Nf4 Rc3 24. Be2 Ndc4 25. Rfb1 Bc6 26. Ra2 Rb8 27. Bxc4 dxc4 28. h3 Bxf3 29. Raxb2 Rxb2 30. Rxb2 Be4 31. Rb8+ Kh7 32. Rc8 g5 33. Nh5 Bg6 34. Nf6+ Kg7 35. Ne8+ Kh7 36. e4 Rc1+ 37. Kh2 c3 38. g4 f5 39. exf5 exf5 40. d5 Bxe8 41. Rxe8 c2 42. Rc8 fxg4 43. hxg4 Rd1 44. Rxc2 Rxd5 1/2-1/2